000 01088nam a2200313 i 4500
001 11422
003 ES-MaACL
005 20250831061900.0
007 t|
008 921103s1992 sp |||| | spa d
020 _a84-7100-506-9
080 _a266(8=60)"15"
080 _a27(8=60)"15"
080 _a27(460)"13/14"
100 1 _aLuque Alcaide, Elisa.
_974823
245 1 3 _aLa Iglesia Católica y América /
_cElisa Luque Alcaide, Josep-Ignasi Saranyana.
260 _aMadrid :
_bMAPFRE,
_cD.L. 1992.
300 _a371 p ;
_c23 cm.
490 1 _aColección Iglesia Católica en el Nuevo Mundo ;
_vVI, 10
500 _aÍndices.
504 _aBibliografía: p. [323]-357.
650 1 4 _aEvangelización-
_zAmérica española.
_9166787
651 4 _aAmérica española-
_xHistoria eclesiástica.
_9166237
651 4 _aEspaña-
_xHistoria eclesiástica-
_yS.XVI.
_9162554
700 1 _aSaranyana, Josep-Ignasi.
_9103759
830 0 0 _aColección Iglesia Católica en el Nuevo Mundo (Mapfre)
_vVI, 10
_9179065
852 _aES-MaACL
_jL-18747
999 _c11422
_d11422